Loading...
Introduction to media literacy /
| Main Author: | |
|---|---|
| Format: | Printed Book |
| Published: |
Los Angeles
Sage
2016
|
| Subjects: |
| LEADER | 00523nam a2200157 4500 | ||
|---|---|---|---|
| 020 | |a 9781483379586 | ||
| 082 | 0 | 4 | |a 302.23 |b POT |
| 100 | 1 | |a Potter, W. James. | |
| 245 | 1 | 0 | |a Introduction to media literacy / |
| 260 | |a Los Angeles |b Sage |c 2016 | ||
| 300 | |a xxi, 269 pages : |b illustrations ; | ||
| 650 | 0 | |a Media literacy. | |
| 650 | 7 | |a Media literacy. | |
| 942 | |c BK | ||
| 999 | |c 45193 |d 45193 | ||
| 952 | |0 0 |1 0 |4 0 |6 302_230000000000000_POT |7 0 |8 Stack |9 49173 |a KUCL |b KUCL |c Stack |d 2018-04-12 |g 68.00 |l 0 |o 302.23 POT |p 45718 |r 2018-04-12 |w 2018-04-12 |y BK | ||